004640000a22001090004500090001700000245017500017041001400192100003100206942001300237773008700250999001700337 aAsbSeriadas10aComportamiento copulatorio y del sistema copulatorio de Oncideres gutturator (Fabricius 1775) (Coleoptera: Cerambycidae, Lamiinae) en los Llanos Occidentales de Venezuela0 aEspañol1 aMarrero, Críspulo921341 cARTICULO1 tBoletín del Museo de Entomología de la Universidad del Valleh1q1-12d1997g5 c15709d15709